000 00698nam a2200241Ia 4500
003 OSt
005 20220926015108.0
006 a|||||r|||| 00| 0
007 ta
008 220923b |||||||| |||| 00| 0 eng d
037 _cGeneral Book
040 _aRTL
_cRTL
_beng
041 _2eng
_aeng
082 _aY:5:(G:5), L3
100 _aEmmel Thomas C
_9132660
245 0 _aIntroduction to ecology and population biology
260 _aNew York
_bNorton
_c1973
300 _ax,196p
_ccm.
500 _aBibliography: p 176-177; Glossary: p 178-182
650 _aFamily Planning
_9231810
942 _hY:5:(G:5), L3
_cGB
_2CC
999 _c630524
_d630524